02114nmm a2200349 i 4500003000900000005001700009007000300026008004100029040002300070100004900093245039900142264005000541300005400591336002700645337002900672338003900701347003100740502020100771504003100972505022701003650006501230650004501295650003601340650004701376650002701423650004401450650004501494700005301539856014001592942001501732999001701747DO-SdISF20250403135817.0ta240215s2021 dr ||||fo||d| 00| 0 spa d aDO-SdISFbspaerda1 aPerdomo Espinal, Dakeisi Janeleautor93131810aEstrategia didáctica para fortalecer en los docentes del área de matemáticas, pertenecientes al segundo ciclo del nivel secundario de la regional educativa 08, la habilidad de utilizar la geometría como estrategia motivacional para la enseñanza de algunos conceptos básicos del álgebra líneal /csustentada: Dakeisi Janel Perdomo Espinal ; asesor: Jesús Ramón Guillén Ruiz 1aSantiago de los Caballeros :bISFODOSU,c2021 a1 recurso en línea (202 hojas) :bilustraciones 2rdacontentatextobtxt 2rdamediaacomputadorabc 2rdacarrierarecurso en líneabcr 2rdaaarchivo de textobPDF aTesis para optar por el título de Maestría en (Matemática orientada a la Educación Secundaria) - Instituto Superior de Formación Docente Salomé Ureña - ISFODOSU, Recinto EPH, 2021.  aBibliografía en hoja 128 aIntroducción al problema de investigación 1 - Revisión de la literatura 13 - Metodología 52 - Presentación de resultados 59 - Interpretación de los resultados 119 - Referencias bibliográficas 128 - Anexos 13317aEducación secundaria2armarczRepública Dominicana9388817aEstrategias de aprendizaje2armarc9446310aAprendizajexEnseñanza92172014aJuegos de estrategia (Matemáticas)9618214aPersonal docente9818817aGeometríaxEnseñanza2armarc92599817aAlgebra linealxConceptos2armarc9253691 aGuillén Ruíz, Jesús Ramóneasesor931226 uhttps://biblioteca.isfodosu.edu.do/cgi-bin/koha/opac-retrieve-file.pl?id=786e24743b17aa77ce288d1826158aa6yClic para ver Texto Completo 2LOCcTESIS c13419d13419